10 Most Abundant Elements on the Earth's Crust - Statistics

General Stats
  • This quiz has been taken 30 times
  • The average score is 7 of 10
Answer Stats
Element % of Earth's Crust % Correct
Oxygen 46.1%
96%
Iron 5.63%
92%
Hydrogen 0.14%
84%
Aluminium 8.23%
72%
Sodium 2.36%
68%
Potassium 2.09%
64%
Silicon 28.2%
64%
Calcium 4.15%
52%
Magnesium 2.33%
52%
Titanium 0.565%
12%
No matching quizzes found
Score Distribution
Percent of People with Each Score
Percentile by Number Answered
Your Score History
You have not taken this quiz